000 01267cam a2200373 i 4500
001 15964
003 Mx-PuUPA
005 20251126163142.0
008 140415s2018 mx gr 000 d spa d
020 _a9786071411198
040 _aMx-PuUPA
_bspa
_cMx-PuUPA
_dMx-PuUPA
_erda
041 1 _aspa
_hund
043 _ae-dk---
100 1 _aShakespeare, William,
_d1564-1616
_eautor
_97431
245 1 0 _aHamlet /
_cWilliam Shakespeare ; traductor, Sergio Gaspar Mosqueda
250 _aIntegra 2018
264 1 _aCiudad de México :
_bEditores Mexicanos Unidos,
_c2018
300 _a135 páginas ;
_c21 cm.
336 _2rdacontent
_atexto
_btxt
337 _2rdamedia
_asin medio
_bn
338 _2rdacarrier
_avolumen
_bnc
490 0 _aGrandes de la literatura
600 0 4 _aHamlet (Personaje legendario)
_xDrama
650 7 _2armarc
_aReyes y soberanos
_xSucesión
_xDrama
650 7 _2armarc
_aFamilias de vistimas de asesinato
_xDrama
650 7 _2armarc
_aPadres
_xMuerte
_xDrama
650 7 _2armarc
_aVenganza
_xDrama
650 7 _2armarc
_aPrincesas
_zDinamarca
_xDrama
651 4 _aDinamarca
_xDrama
700 1 _aGaspar Mosqueda, Sergio,
_etraductor
942 _2ddc
_cLI
_h822.33
_iS52
999 _c15964
_d15964